000 00501cam a22002051 4500
001 sa 63004210
003 DLC
005 20260227111947.0
008 890511s1963 ii 000 0 hino
010 _asa 63004210
035 _a(OCoLC)19694496
040 _aDLC
_cWaU
_dDLC
042 _apremarc
050 0 0 _aPK2098.B494
_bA19 1963
100 1 _aBhaṭanāgara, Mahendra,
_d1926-
245 1 0 _aAbhinava ekāṅkī.
260 _c[1963]
300 _a16, 174 p.
_c19 cm.
500 _aIn Hindi.
999 _c55530
_d55530